000 00758nam a2200277 a 4500
003 PILC
005 20151008080553.0
008 101123s19uu xx 00 eng d
020 _a9780071260879
050 _aQP 44
_b.P322 2008
100 _aPatton, Kevin.
245 _aEssentials of anatomy & physiology :
_blaboratory manual /
_cKevin Patton.
250 _a6th edition.
260 _aBoston :
_bMcGraw-Hill,
_c2008.
300 _a330 pages :
_billustrations ;
_c25 cm.
650 _aHuman anatomy
_xLaboratory manuals.
650 _aPhysiology
_xLaboratory manuals.
942 _cBK
_2lcc
_kFOR
999 _c24239
_d24239